000 00703cam a2200205 i 4500
001 sa 64003017
003 DLC
005 20260227112013.0
008 811023s1962 ii 00010 ori
010 _asa 64003017 //r892
025 _aPL480:I-O-117
050 0 _aPK2579.M3
_bB3 1962
100 1 0 _aMahanty, Surendra.
245 1 0 _aBajra kabāṭa /
_cSurendra Mahānti.
260 0 _a[Kaṭaka :
_bMithuna rakāśanī :
_bparibeshaṇa, Śāradā Bhabana,
_c1962]
300 _a70 p. ;
_c19 cm.
500 _aIn Oriya.
500 _aA play.
500 _a"Oḍiśā Saṅgīta Ekāḍemī dvārā āyojita caturtha nikhila Utkaḷa nāṭaka utsavare śreshṭha likhita nāṭakarūpe puraskr̥ta."
999 _c57642
_d57642